000 00982nam a2200265Ia 4500
003 PE SENCICO BE
005 20251020182432.0
008 200515s9999 xx 000 0 und d
020 _a978-84-342-3557-1
040 _aPE SENCICO BE
_cPE SENCICO BE
041 _aspa
082 _a745.4
_bM79
100 1 _aMorris, Richard
_92619
_eautor
245 1 0 _aFundamentos del diseño de productos /
_cRichard Morris
250 _a1a ed.
260 _aBarcelona :
_bParramón ;
_c2009
300 _a184 p. :
_bil. col., lams. ;
_c23 cm.
505 0 _aIdeas sobre productos -- Descripción del producto -- Soluciones del diseño -- Producción -- El mercado
520 3 _aEnfatiza todos los pasos del diseño de productos, desde la concepción de la idea hasta la investigación de mercado pasando por la produción.
650 1 0 _aDiseño
_9965
650 2 0 _aDiseño industrial
_92580
650 2 0 _aManufacturas
_92620
650 2 0 _aEstudio de mercado
_92621
942 _cLIB
_2ddc
999 _c274
_d274